[Event "4th Karpov Trophy Prelim"]
[Site "Cap d'Agde FRA"]
[Date "2015.10.29"]
[Round "13.3"]
[White "Fressinet, Laurent"]
[Black "Abdumalik, Zhansaya"]
[Result "1-0"]
[WhiteTitle "GM"]
[BlackTitle "WGM"]
[WhiteElo "2702"]
[BlackElo "2390"]
[WhiteFideId "608742"]
[BlackFideId "13703544"]
[EventDate "2015.10.23"]

1. Nf3 Nf6 2. g3 g6 3. b3 Bg7 4. Bb2 d5 5. c4 dxc4 6. bxc4 c5 7. Bg2 O-O 8. O-O
Nc6 9. d3 Rb8 10. Ne5 Nd4 11. e3 Nf5 12. Qc2 Nd7 13. Nxd7 Bxb2 14. Qxb2 Qxd7 15.
Rd1 b6 16. Nc3 Bb7 17. Bxb7 Qxb7 18. a4 Rfd8 19. Nd5 f6 20. Qc3 Kf7 21. Rdb1 Qc6
22. Rb2 h5 23. Rd2 Rd7 24. Qb2 a6 25. Qc3 b5 26. axb5 axb5 27. Rda2 b4 28. Qb2
Qc8 29. Ra7 Rxa7 30. Rxa7 Rb7 31. Ra6 Qd8 32. h3 e6 33. Nf4 Rb6 34. Ra7+ Ne7 35.
d4 Qb8 36. Ra1 Qd6 37. Nd3 Qc6 38. Nxc5 h4 39. g4 Qf3 40. Kh2 b3 41. Ra7 Rb4 42.
Nd3 Rb7 43. Rxb7 Qxb7 44. Nc5 Qf3 45. Nxb3 f5 46. gxf5 Nxf5 47. Nc5 Nd6 48. Nd3
Qe4 49. Ne5+ Kg7 50. Qb6 Qf5 51. Qc7+ Kg8 52. Qd8+ Kg7 53. Qe7+ Kg8 54. Ng4 Nf7
55. Qxf7+ 1-0

[Event "4th Karpov Trophy Prelim"]
[Site "Cap d'Agde FRA"]
[Date "2015.10.29"]
[Round "14.3"]
[White "Abdumalik, Zhansaya"]
[Black "Gharamian, Tigran"]
[Result "1/2-1/2"]
[WhiteTitle "WGM"]
[BlackTitle "GM"]
[WhiteElo "2390"]
[BlackElo "2654"]
[WhiteFideId "13703544"]
[BlackFideId "13301527"]
[EventDate "2015.10.23"]

1. e4 e5 2. Nf3 Nc6 3. Bb5 Nf6 4. O-O Nxe4 5. d4 Nd6 6. Bxc6 dxc6 7. dxe5 Nf5 8.
Qxd8+ Kxd8 9. h3 Ke8 10. Nc3 Be6 11. g4 Ne7 12. Ng5 Bd7 13. e6 Bxe6 14. Nxe6
fxe6 15. Re1 Nd5 16. Nxd5 cxd5 17. Rf1 1/2-1/2

[Event "4th Karpov Trophy Prelim"]
[Site "Cap d'Agde FRA"]
[Date "2015.10.29"]
[Round "14.4"]
[White "Edouard, Romain"]
[Black "Muzychuk, Mariya"]
[Result "1-0"]
[WhiteTitle "GM"]
[BlackTitle "GM"]
[WhiteElo "2636"]
[BlackElo "2528"]
[WhiteFideId "633429"]
[BlackFideId "14114550"]
[EventDate "2015.10.23"]

1. Nf3 Nf6 2. c4 e6 3. Nc3 d5 4. d4 Bb4 5. e3 O-O 6. Bd3 dxc4 7. Bxc4 c5 8. O-O
Nc6 9. a3 Bxc3 10. bxc3 b6 11. Qe2 Bb7 12. Bb2 Qc7 13. Bd3 e5 14. Nxe5 Nxe5 15.
dxe5 Qxe5 16. c4 Qg5 17. f3 Rfe8 18. Rae1 Rad8 19. g3 h5 20. e4 h4 21. Qe3 Qg6
22. Re2 Nh5 23. Rg2 h3 24. Rd2 f5 25. e5 Rd7 26. g4 Rf7 27. Kf2 Nf6 28. gxf5 Qh5
29. Qf4 g5 30. Rg1 Rg7 31. Qg3 1-0